Private sector participation in municipal solid waste services in developing countries (Record no. 54689)

MARC details
000 -LEADER
fixed length control field 00574nam a2200145 a 4500
008 - FIXED-LENGTH DATA ELEMENTS--GENERAL INFORMATION
fixed length control field 120416s1994 ||||||||||||||||| || u
050 ## - LIBRARY OF CONGRESS CALL NUMBER
Classification number IBRD(08)
100 ## - MAIN ENTRY--PERSONAL NAME
Personal name Sandra, Cointreau-Levine
245 10 - TITLE STATEMENT
Title Private sector participation in municipal solid waste services in developing countries
246 ## - VARYING FORM OF TITLE
Title proper/short title Sandra Cointreau-Levine
260 ## - PUBLICATION, DISTRIBUTION, ETC.
Place of publication, distribution, etc. Washington, D. C.
Name of publisher, distributor, etc. World Bank
Date of publication, distribution, etc. 1994
300 ## - PHYSICAL DESCRIPTION
Extent vi, 52p. : ill.
350 ## - PRICE (NR) (BK AM CF MU VM SE) [OBSOLETE]
Price 0.00
995 ## - RECOMMENDATION 995 [LOCAL, UNIMARC FRANCE]
-- 0.00
-- CBU-MAIN LIBRARY (Kitwe)
-- 1
-- 0.00
-- 1
-- AVAILABLE
-- International Publications
Holdings
Withdrawn status Lost status Source of classification or shelving scheme Damaged status Not for loan Home library Current library Shelving location Date acquired Total Checkouts Full call number Barcode Date last seen Price effective from Koha item type
          CBU-MAIN LIBRARY, KITWE. CBU-MAIN LIBRARY, KITWE.   11/30/2022   IBRD(08) 019702 11/30/2022 11/30/2022 MONOGRAPH